[Event "CZE-chT2E 1213"]
[Site "Czech Republic"]
[Date "2012.12.16"]
[Round "5.2"]
[White "Krcal, Michal"]
[Black "Fusek, Lukas"]
[Result "1-0"]
[WhiteElo "2156"]
[BlackElo "1986"]
[PlyCount "103"]
[EventDate "2012.10.14"]
[EventType "team-tourn"]
[EventRounds "11"]
[EventCountry "CZE"]
[SourceTitle "EXT 2016"]
[Source "ChessBase"]
[SourceDate "2015.10.08"]
[SourceVersion "1"]
[SourceVersionDate "2015.10.08"]
[SourceQuality "1"]
[WhiteTeam "Zlin II"]
[BlackTeam "Stare Mesto III"]
[WhiteTeamCountry "CZE"]
[BlackTeamCountry "CZE"]

1. e4 e5 2. Nf3 Nc6 3. d4 exd4 4. Nxd4 Bc5 5. Nb3 Bb6 6. Nc3 d6 7. Bd3 Nge7 8. Bg5 Be6 9. Qd2 Qd7 10. 0-0-0 0-0-0 11. f4 f6 12. Bh4 Ng6 13. Bf2 f5 14. Bxb6 axb6 15. Bb5 fxe4 16. Nd4 Qf7 17. f5 Bxf5 18. Bxc6 bxc6 19. Rhf1 Ne7 20. g4 d5 21. gxf5 Rd6 22. Nce2 c5 23. Nb5 Rf6 24. Ng3 c6 25. Nc3 Nxf5 26. Nxf5 Rxf5 27. Qe2 g6 28. Rxf5 gxf5 29. Rf1 Rf8 30. Rf4 Kc7 31. a4 Qg8 32. Qf2 Qg5 33. h4 Qh6 34. Kb1 Kd6 35. a5 bxa5 36. Na4 d4 37. Rxf5 Rxf5 38. Qxf5 Qxh4 39. Qxc5+ Ke6 40. Qxc6+ Kf5 41. Qd5+ Kf4 42. Qxd4 Qe1+ 43. Ka2 Qb4 44. Qf2+ Ke5 45. Qg3+ Kf5 46. Nc3 Qc4+ 47. b3 Qf1 48. Qh4 Qg2 49. Qxh7+ Kf4 50. Qxe4+ Qxe4 51. Nxe4 Kxe4 52. Ka3 1-0

[Event "CZE-chT2E 1213"]
[Site "Czech Republic"]
[Date "2012.10.14"]
[Round "1.3"]
[White "Fusek, Lukas"]
[Black "Medunova, Vera"]
[Result "0-1"]
[WhiteElo "1986"]
[BlackElo "2118"]
[PlyCount "98"]
[EventDate "2012.10.14"]
[EventType "team-tourn"]
[EventRounds "11"]
[EventCountry "CZE"]
[SourceTitle "EXT 2016"]
[Source "ChessBase"]
[SourceDate "2015.10.08"]
[SourceVersion "1"]
[SourceVersionDate "2015.10.08"]
[SourceQuality "1"]
[WhiteTeam "Stare Mesto III"]
[BlackTeam "Hustopece"]
[WhiteTeamCountry "CZE"]
[BlackTeamCountry "CZE"]

1. Nf3 Nf6 2. c4 c6 3. g3 d5 4. b3 Bg4 5. Ne5 dxc4 6. Nxg4 Nxg4 7. e3 Ne5 8. bxc4 Nd3+ 9. Bxd3 Qxd3 10. Qb3 Qxb3 11. axb3 e5 12. Bb2 Nd7 13. d4 Bd6 14. 0-0 a6 15. Nc3 f5 16. d5 Rc8 17. Rfd1 Ke7 18. dxc6 Rxc6 19. Nd5+ Ke6 20. f4 Re8 21. fxe5 Bxe5 22. Nf4+ Bxf4 23. exf4 Nf6 24. Re1+ Kf7 25. Bxf6 Rxf6 26. Rxe8 Kxe8 27. Rd1 Ke7 28. Kf2 Rd6 29. Re1+ Kd7 30. Re3 Rd2+ 31. Re2 Rd3 32. Re3 Rd1 33. Re1 Rxe1 34. Kxe1 Kc6 35. Kd2 Kc5 36. Kc3 a5 37. h3 h5 38. Kb2 Kb4 39. h4 b6 40. Kc2 a4 41. bxa4 Kxc4 42. Kd2 Kb4 43. Kd3 Kxa4 44. Kd4 b5 45. Ke5 b4 46. Kxf5 b3 47. Kg6 b2 48. Kxg7 b1Q 49. Kf6 Qd3 0-1

[Event "Frydek Mistek op"]
[Site "Frydek Mistek"]
[Date "2012.04.06"]
[Round "4"]
[White "Fusek, Lukas"]
[Black "Samovojska, Damir"]
[Result "1/2-1/2"]
[WhiteElo "1969"]
[BlackElo "2257"]
[PlyCount "63"]
[EventDate "2012.04.05"]
[EventType "swiss"]
[EventRounds "9"]
[EventCountry "CZE"]
[SourceTitle "CBM 147 Extra"]
[Source "ChessBase"]
[SourceDate "2012.04.24"]
[SourceVersion "1"]
[SourceVersionDate "2012.04.24"]
[SourceQuality "1"]

1. Nf3 d5 2. c4 c6 3. b3 Nf6 4. g3 Bg4 5. Bg2 Nbd7 6. Bb2 e6 7. 0-0 Bd6 8. d3 0-0 9. h3 Bh5 10. Nbd2 Qe7 11. a3 b5 12. b4 bxc4 13. dxc4 e5 14. g4 Bg6 15. Nh4 e4 16. cxd5 cxd5 17. Nb3 e3 18. Nxg6 exf2+ 19. Rxf2 hxg6 20. Bxd5 Nxd5 21. Qxd5 Rad8 22. Qf3 Ne5 23. Qc3 Rc8 24. Qd4 Rfd8 25. Rc1 Rxc1+ 26. Nxc1 Nf3+ 27. Rxf3 Bh2+ 28. Kxh2 Rxd4 29. Bxd4 Qd6+ 30. Kg2 Qxd4 31. Nd3 g5 32. Nf2 1/2-1/2

[Event "Kouty nad Desnou op-A"]
[Site "Kouty nad Desnou"]
[Date "2012.03.13"]
[Round "5"]
[White "Fusek, Lukas"]
[Black "Walek, Petr"]
[Result "0-1"]
[WhiteElo "1969"]
[BlackElo "1761"]
[PlyCount "89"]
[EventDate "2012.03.10"]
[EventType "swiss"]
[EventRounds "9"]
[EventCountry "CZE"]
[SourceTitle "EXT 2013"]
[Source "ChessBase"]
[SourceDate "2012.11.22"]
[SourceVersion "1"]
[SourceVersionDate "2012.11.22"]
[SourceQuality "1"]

1. e4 e5 2. Nc3 Nc6 3. Bc4 Nf6 4. d3 Na5 5. Bg5 Nxc4 6. dxc4 Bb4 7. Qd3 0-0 8. 0-0-0 Bxc3 9. bxc3 a5 10. f4 Qe7 11. fxe5 Qxe5 12. Nf3 Qxe4 13. Bxf6 Qf4+ 14. Rd2 Qxf6 15. h4 d6 16. Ng5 g6 17. Rf1 Bf5 18. Qf3 h6 19. g4 hxg5 20. hxg5 Qxg5 21. gxf5 Rae8 22. Qxb7 Re2 23. Qd5 Qxd2+ 24. Qxd2 Rxd2 25. Kxd2 Re8 26. fxg6 fxg6 27. c5 Kg7 28. cxd6 cxd6 29. Kd3 g5 30. Kd4 Re5 31. c4 Kg6 32. Rf8 g4 33. Rd8 Re6 34. Ra8 Kh5 35. Rxa5+ Kh4 36. Ra8 g3 37. Rg8 Re5 38. Kd3 Kh3 39. Rh8+ Kg2 40. Rh6 Kf1 41. Rf6+ Ke1 42. Rg6 Kf2 43. Rf6+ Ke1 44. Rg6 Kf2 45. Rf6+ 0-1

[Event "CZE-chT2E 1112"]
[Site "Czech Republic"]
[Date "2012.02.19"]
[Round "8.3"]
[White "Fusek, Lukas"]
[Black "Cajka, Tibor"]
[Result "1/2-1/2"]
[WhiteElo "1984"]
[BlackElo "2140"]
[PlyCount "94"]
[EventDate "2011.10.09"]
[EventType "team-tourn"]
[EventRounds "11"]
[EventCountry "CZE"]
[SourceTitle "EXT 2013"]
[Source "ChessBase"]
[SourceDate "2012.11.22"]
[SourceVersion "1"]
[SourceVersionDate "2012.11.22"]
[SourceQuality "1"]
[WhiteTeam "Stare Mesto III"]
[BlackTeam "Borsice"]
[WhiteTeamCountry "CZE"]
[BlackTeamCountry "CZE"]

1. Nf3 d5 2. c4 c6 3. b3 Nf6 4. g3 Bf5 5. Bg2 e6 6. 0-0 Be7 7. Bb2 0-0 8. d3 h6 9. Nbd2 Nbd7 10. a3 a5 11. Re1 Bh7 12. Nf1 Qb6 13. N1d2 Rfd8 14. d4 c5 15. cxd5 exd5 16. dxc5 Bxc5 17. e3 Ne4 18. Nd4 Ndf6 19. Nxe4 Nxe4 20. Rc1 Rac8 21. Bh3 Rc7 22. Qg4 Ng5 23. Bf1 f5 24. Nxf5 Bxf5 25. Qxf5 Rf7 26. Qc2 Nf3+ 27. Kg2 Nxe1+ 28. Rxe1 Rdf8 29. Re2 Kh8 30. Qd3 Qe6 31. Bc1 Rf3 32. Qc2 Qb6 33. Bb2 d4 34. exd4 Bxd4 35. Bxd4 Qxd4 36. Rd2 Rc3 37. Qb2 Qe4+ 38. Kg1 Qc6 39. Bc4 Qf6 40. a4 b6 41. Re2 Qf3 42. Qd2 h5 43. h4 Qf6 44. Re6 Rc1+ 45. Qxc1 Qxf2+ 46. Kh1 Qf3+ 47. Kh2 Qf2+ 1/2-1/2

[Event "CZE-chT2E 1112"]
[Site "Czech Republic"]
[Date "2011.11.20"]
[Round "3.4"]
[White "Beseda, Roman"]
[Black "Fusek, Lukas"]
[Result "0-1"]
[WhiteElo "2134"]
[BlackElo "1984"]
[PlyCount "60"]
[EventDate "2011.10.09"]
[EventType "team-tourn"]
[EventRounds "11"]
[EventCountry "CZE"]
[SourceTitle "EXT 2013"]
[Source "ChessBase"]
[SourceDate "2012.11.22"]
[SourceVersion "1"]
[SourceVersionDate "2012.11.22"]
[SourceQuality "1"]
[WhiteTeam "Hostalkova"]
[BlackTeam "Stare Mesto III"]
[WhiteTeamCountry "CZE"]
[BlackTeamCountry "CZE"]

1. e4 e5 2. Nf3 Nc6 3. Bb5 Nd4 4. Nxd4 exd4 5. 0-0 Bc5 6. d3 c6 7. Bc4 d5 8. exd5 cxd5 9. Bb5+ Kf8 10. Ba4 h5 11. Re1 Ne7 12. Nd2 Bg4 13. f3 Be6 14. Nf1 Qc7 15. Bd2 Nf5 16. Kh1 h4 17. f4 Qd8 18. Qf3 Qf6 19. a3 Rd8 20. Bb3 Qg6 21. Kg1 h3 22. Rxe6 fxe6 23. g3 Kf7 24. Re1 Nh4 25. Qe2 Ng2 26. Rc1 Rhf8 27. g4 Kg8 28. Qf3 Nxf4 29. Bxf4 Qf6 30. Re1 Qxf4 0-1

[Event "Stare Mesto op"]
[Site "Stare Mesto"]
[Date "2011.08.16"]
[Round "6"]
[White "Spacek, Marcel"]
[Black "Fusek, Lukas"]
[Result "1-0"]
[WhiteElo "1747"]
[BlackElo "1999"]
[PlyCount "143"]
[EventDate "2011.08.12"]
[EventType "swiss"]
[EventRounds "10"]
[EventCountry "CZE"]
[SourceTitle "CBM 143 Extra"]
[Source "ChessBase"]
[SourceDate "2011.08.29"]
[SourceVersion "1"]
[SourceVersionDate "2011.08.29"]
[SourceQuality "1"]

1. d4 Nf6 2. c4 b6 3. Nf3 e6 4. g3 Bb7 5. Bg2 Be7 6. 0-0 0-0 7. Nc3 Bb4 8. Qc2 Bxc3 9. Qxc3 d6 10. b3 Nbd7 11. Bb2 Ne4 12. Qc2 f5 13. Rfd1 Ndf6 14. Nd2 Rb8 15. f3 Nxd2 16. Rxd2 Qe8 17. e4 f4 18. g4 Qf7 19. Ba3 Rfd8 20. c5 dxc5 21. dxc5 b5 22. Rad1 Qe8 23. Bb2 Bc6 24. Be5 Rxd2 25. Rxd2 Qf7 26. b4 Rc8 27. Qb2 Nd7 28. Bc3 a6 29. Bf1 g5 30. Be2 h5 31. h3 a5 32. a3 a4 33. Bd3 Re8 34. Bb1 Kf8 35. Ba2 h4 36. Kf2 Qg6 37. Qa1 Qf7 38. Qd1 Re7 39. Bb1 e5 40. Bd3 Re8 41. Bb1 Qe7 42. Kg2 Nf6 43. Kh2 Bd7 44. Ba2 Be6 45. Bd5 Bxd5 46. exd5 e4 47. Qa1 Nd7 48. c6 Ne5 49. Bxe5 Qxe5 50. Qxe5 Rxe5 51. fxe4 Rxe4 52. d6 cxd6 53. Rxd6 Re2+ 54. Kg1 Ke7 55. Rd5 Rc2 56. Rxb5 Rxc6 57. Rxg5 Rc3 58. Kg2 Rxa3 59. Ra5 Rg3+ 60. Kh2 a3 61. b5 Kd6 62. Ra6+ Kc5 63. b6 Kc6 64. g5 Kb7 65. Ra4 Kxb6 66. g6 Kb5 67. Ra7 Kb4 68. g7 Kb3 69. Rb7+ Ka2 70. Ra7 Kb2 71. Rb7+ Ka1 72. Rb3 1-0

[Event "Slovacky op"]
[Site "Stare Mesto"]
[Date "2011.05.13"]
[Round "3.11"]
[White "Nemec, Pavel"]
[Black "Fusek, Lukas"]
[Result "0-1"]
[WhiteElo "2233"]
[BlackElo "1936"]
[PlyCount "40"]
[EventDate "2011.04.29"]
[EventType "swiss"]
[EventRounds "8"]
[EventCountry "CZE"]
[SourceTitle "EXT 2012"]
[Source "ChessBase"]
[SourceDate "2011.11.24"]
[SourceVersion "1"]
[SourceVersionDate "2011.11.24"]
[SourceQuality "1"]

1. e4 e5 2. Nf3 Nc6 3. Bc4 Bc5 4. 0-0 Nf6 5. d4 exd4 6. e5 d5 7. exf6 dxc4 8. Re1+ Be6 9. Ng5 Qd5 10. Nc3 Qf5 11. Nce4 0-0-0 12. g4 Qe5 13. f4 d3+ 14. Kg2 Qd5 15. Kg3 gxf6 16. Nxc5 Qxc5 17. Nxe6 fxe6 18. Rxe6 dxc2 19. Qxc2 Qg1+ 20. Qg2 Rd3+ 0-1

[Event "CZE-chT2E 1011"]
[Site "Czech Republic"]
[Date "2011.01.23"]
[Round "6.7"]
[White "Fusek, Lukas"]
[Black "Sedy, Ctirad"]
[Result "1-0"]
[WhiteElo "1907"]
[BlackElo "1946"]
[PlyCount "72"]
[EventDate "2010.10.17"]
[EventType "team-tourn"]
[EventRounds "11"]
[EventCountry "CZE"]
[SourceTitle "EXT 2012"]
[Source "ChessBase"]
[SourceDate "2011.11.24"]
[SourceVersion "1"]
[SourceVersionDate "2011.11.24"]
[SourceQuality "1"]
[WhiteTeam "Stare Mesto III"]
[BlackTeam "Hustopece"]
[WhiteTeamCountry "CZE"]
[BlackTeamCountry "CZE"]

1. Nf3 c6 2. c4 d5 3. b3 Bf5 4. d3 e6 5. Bb2 Nf6 6. g3 Nbd7 7. Bg2 Qa5+ 8. Nbd2 Ba3 9. Bxa3 Qxa3 10. 0-0 h6 11. Qc1 Qxc1 12. Rfxc1 0-0 13. b4 Rac8 14. a4 c5 15. b5 a5 16. Nh4 Bh7 17. f4 Rfd8 18. h3 Rc7 19. g4 dxc4 20. Nxc4 b6 21. e4 Nf8 22. Ra3 Rcd7 23. Rcc3 Rb7 24. Kf2 N6d7 25. Ke3 f6 26. e5 Rbb8 27. Nf3 Ng6 28. d4 cxd4+ 29. Nxd4 fxe5 30. Nc6 exf4+ 31. Kf2 Nh4 32. Nxd8 Rxd8 33. Bc6 Nc5 34. Nxb6 Be4 35. Rxc5 Bxc6 36. bxc6 Rc8 1-0

[Event "Dobczyce op 18th"]
[Site "Dobczyce"]
[Date "2010.07.18"]
[Round "2"]
[White "Betlej, Jan"]
[Black "Fusek, Lukas"]
[Result "1-0"]
[WhiteElo "1834"]
[BlackElo "1887"]
[PlyCount "41"]
[EventDate "2010.07.17"]
[EventType "swiss"]
[EventRounds "9"]
[EventCountry "POL"]
[SourceTitle "EXT 2011"]
[Source "ChessBase"]
[SourceDate "2010.11.26"]
[SourceVersion "1"]
[SourceVersionDate "2010.11.26"]
[SourceQuality "1"]

1. e4 e5 2. f4 exf4 3. Nf3 Be7 4. Bc4 Nf6 5. e5 Ne4 6. 0-0 d5 7. exd6 Nxd6 8. Bb3 Bg4 9. d4 0-0 10. Bxf4 c5 11. Bd5 Qb6 12. Qe1 Bf6 13. Ne5 Bh5 14. Qg3 cxd4 15. Nd3 Nf5 16. Qh3 Ne3 17. Qxh5 Nxf1 18. Kxf1 Nc6 19. Nd2 Qb5 20. Bxf7+ Rxf7 21. Qxb5 1-0

[Event "Pobeskydy ArcelorMittal op 21st"]
[Site "Frydek Mistek"]
[Date "2010.04.01"]
[Round "1"]
[White "Bakalar, Jan"]
[Black "Fusek, Lukas"]
[Result "1/2-1/2"]
[WhiteElo "2128"]
[BlackElo "1833"]
[PlyCount "147"]
[EventDate "2010.04.01"]
[EventType "swiss"]
[EventRounds "9"]
[EventCountry "CZE"]
[SourceTitle "CBM 135 Extra"]
[Source "ChessBase"]
[SourceDate "2010.05.04"]
[SourceVersion "1"]
[SourceVersionDate "2010.05.04"]
[SourceQuality "1"]

1. e4 e5 2. Nf3 Nc6 3. Bb5 a6 4. Ba4 d6 5. c4 Bd7 6. Nc3 g6 7. 0-0 Bg7 8. d3 Nge7 9. Bg5 h6 10. Be3 f5 11. h3 f4 12. Bd2 g5 13. Nh2 h5 14. f3 Ng8 15. Nd5 Nf6 16. Bc3 Ne7 17. Nxf6+ Bxf6 18. Bxd7+ Qxd7 19. d4 Ng6 20. d5 Ne7 21. Qb3 b6 22. a4 a5 23. Qb5 h4 24. Ng4 Bg7 25. Rfc1 Ra7 26. Ra2 Ng6 27. Rca1 Ke7 28. Nf2 Qxb5 29. axb5 Rb7 30. Nd3 Ra8 31. b4 a4 32. Ra3 Nf8 33. Rxa4 Rxa4 34. Rxa4 Rb8 35. Ra7 Kd7 36. Kf1 Bf6 37. Ke2 Ng6 38. Be1 Be7 39. Bf2 Kc8 40. Kd2 Nf8 41. Kc3 Nd7 42. Kb3 Rb7 43. Ra2 Kb8 44. Nb2 Kc8 45. Ra8+ Rb8 46. Ra1 Rb7 47. Bg1 Rb8 48. Nd1 Bf8 49. Nc3 Be7 50. Ra6 Bf8 51. Nd1 Be7 52. Nf2 Bf8 53. Ka4 Kb7 54. Nd3 Ra8 55. Rxa8 Kxa8 56. Kb3 Kb7 57. Bf2 Be7 58. Be1 Bf8 59. Bc3 Be7 60. c5 Kc8 61. c6 Nf8 62. Be1 Ng6 63. Nb2 Kb8 64. Bf2 Ka7 65. Nc4 Bf8 66. Ka4 Be7 67. Na5 Bf8 68. Nb3 Be7 69. Nd2 Bf8 70. Kb3 Be7 71. Kc4 Bf8 72. Nf1 Be7 73. Nh2 Bf8 74. Ng4 1/2-1/2

[Event "CZE-chTE U20 0910"]
[Site "Czech Republic"]
[Date "2010.01.23"]
[Round "6.3"]
[White "Fusek, Lukas"]
[Black "Seidl, Stepan"]
[Result "0-1"]
[WhiteElo "1833"]
[BlackElo "1964"]
[PlyCount "44"]
[EventDate "2009.10.03"]
[EventType "team-tourn"]
[EventRounds "7"]
[EventCountry "CZE"]
[SourceTitle "EXT 2011"]
[Source "ChessBase"]
[SourceDate "2010.11.26"]
[SourceVersion "1"]
[SourceVersionDate "2010.11.26"]
[SourceQuality "1"]
[WhiteTeam "Stare Mesto (U20)"]
[BlackTeam "Bedrichov (U20)"]
[WhiteTeamCountry "CZE"]
[BlackTeamCountry "CZE"]

1. e4 d6 2. d4 Nf6 3. Nc3 g6 4. f4 Bg7 5. Nf3 Na6 6. Bxa6 bxa6 7. 0-0 Bb7 8. Qd3 0-0 9. b3 c5 10. e5 Nd7 11. exd6 cxd4 12. dxe7 Qxe7 13. Nxd4 Nc5 14. Qc4 Rac8 15. Nce2 Qe4 16. Rf2 Ne6 17. Qd3 Nxd4 18. Qxe4 Bxe4 19. c3 Nxe2+ 20. Rxe2 Bxc3 21. Ba3 Bxa1 22. Bxf8 Bd4+ 0-1

[Event "CZE-chTE U20 0910"]
[Site "Czech Republic"]
[Date "2009.10.04"]
[Round "4.3"]
[White "Fusek, Lukas"]
[Black "Kawulok, Marek"]
[Result "0-1"]
[WhiteElo "1833"]
[BlackElo "1966"]
[PlyCount "118"]
[EventDate "2009.10.03"]
[EventType "team-tourn"]
[EventRounds "7"]
[EventCountry "CZE"]
[SourceTitle "EXT 2011"]
[Source "ChessBase"]
[SourceDate "2010.11.26"]
[SourceVersion "1"]
[SourceVersionDate "2010.11.26"]
[SourceQuality "1"]
[WhiteTeam "Stare Mesto (U20)"]
[BlackTeam "Orlova (U20)"]
[WhiteTeamCountry "CZE"]
[BlackTeamCountry "CZE"]

1. e4 c5 2. c3 Nf6 3. e5 Nd5 4. d4 cxd4 5. Nf3 Nc6 6. cxd4 e6 7. Bc4 Nb6 8. Bb5 Be7 9. 0-0 0-0 10. Nc3 d6 11. Bf4 Qc7 12. Qe2 Bd7 13. Rac1 d5 14. a3 Rac8 15. Qd3 h6 16. Ne2 Qb8 17. Ng3 a6 18. Bxc6 Bxc6 19. Qd2 Bb5 20. Bxh6 Bxf1 21. Rxf1 f5 22. exf6 Bxf6 23. Bf4 Nc4 24. Qc1 Qa7 25. Qe1 Qb6 26. Qe2 Rfe8 27. Rd1 Qxb2 28. Qxb2 Nxb2 29. Rb1 Nc4 30. Rxb7 Re7 31. Rb3 g6 32. h3 a5 33. a4 Kg7 34. Nf1 Rc6 35. Ne5 Bxe5 36. dxe5 Rb6 37. Rxb6 Nxb6 38. Bd2 Ra7 39. Be3 Ra6 40. Nd2 Nxa4 41. Nb3 Nb2 42. f4 a4 43. Na1 Rc6 44. Kf1 d4 45. Bd2 Nd3 46. Ke2 Nc5 47. Bc1 Nb3 48. Bb2 Nxa1 49. Bxa1 a3 50. Bxd4 a2 51. Kf3 Rc1 52. Kg4 Rd1 53. Bc3 a1Q 54. Bxa1 Rxa1 55. g3 Ra3 56. Kh4 Kh6 57. Kg4 Rb3 58. Kh4 Rb4 59. Kg4 g5 0-1

[Event "CZE-ch Juniors op-A"]
[Site "Kouty nad Desnou"]
[Date "2009.03.14"]
[Round "9"]
[White "Binder, Jan"]
[Black "Fusek, Lukas"]
[Result "1/2-1/2"]
[WhiteElo "1722"]
[BlackElo "1857"]
[PlyCount "26"]
[EventDate "2009.03.07"]
[EventType "swiss"]
[EventRounds "9"]
[EventCountry "CZE"]
[SourceTitle "EXT 2011"]
[Source "ChessBase"]
[SourceDate "2010.11.26"]
[SourceVersion "1"]
[SourceVersionDate "2010.11.26"]
[SourceQuality "1"]

1. e4 c5 2. c3 d5 3. exd5 Qxd5 4. d4 Nf6 5. Nf3 Bg4 6. Be2 e6 7. 0-0 Be7 8. h3 h5 9. Be3 cxd4 10. Nxd4 Bxe2 11. Qxe2 a6 12. Rd1 Qe5 13. Nd2 Nd5 1/2-1/2

[Event "CZE-ch Juniors op-A"]
[Site "Kouty nad Desnou"]
[Date "2009.03.11"]
[Round "6"]
[White "Milfort, Vaclav"]
[Black "Fusek, Lukas"]
[Result "1/2-1/2"]
[WhiteElo "1733"]
[BlackElo "1857"]
[PlyCount "37"]
[EventDate "2009.03.07"]
[EventType "swiss"]
[EventRounds "9"]
[EventCountry "CZE"]
[SourceTitle "EXT 2011"]
[Source "ChessBase"]
[SourceDate "2010.11.26"]
[SourceVersion "1"]
[SourceVersionDate "2010.11.26"]
[SourceQuality "1"]

1. d4 e6 2. Nf3 Nf6 3. c4 b6 4. Nc3 Bb4 5. Bd2 Bb7 6. e3 0-0 7. Be2 d6 8. 0-0 Nbd7 9. Qc2 Bxc3 10. Bxc3 Ne4 11. Nd2 f5 12. f3 Nxc3 13. Qxc3 Qh4 14. g3 Qh3 15. Rf2 Rf6 16. Bf1 Qh5 17. f4 Rg6 18. Bg2 Bxg2 19. Rxg2 1/2-1/2